| 000 | 01153nab a2200301 u 4500 | ||
|---|---|---|---|
| 001 | 04728 | ||
| 003 | HDC | ||
| 007 | cr bn --- | ||
| 008 | 210117p2013 xx n |0 eng | ||
| 022 | _a1991-8178 | ||
| 040 | _aHDC | ||
| 100 |
_aNorafiqah Bt Norman, _eauthor _94908 |
||
| 245 | 0 |
_aComparative Study of Conventional and Shariah-based Unit Trust Funds Performance of Public Mutual Berhad / _cby Norafiqah Bt Norman, Mahmoud Khalid Almsafir and Ayman Smadi |
|
| 260 |
_a[No place] : _b[publisher not identified], _c2013 |
||
| 300 | _a1 online resource (10 pages) | ||
| 336 |
_atext _2rdacontent |
||
| 337 |
_acomputer _2rdamedia |
||
| 338 |
_aonline resource _2rdacarrier |
||
| 650 |
_aInvestments _zMalaysia _94503 |
||
| 650 |
_aIslam _xCustoms and practices _9691 |
||
| 650 |
_aMutual funds _zMalaysia _94909 |
||
| 700 |
_aAyman Smadi, _eauthor _94911 |
||
| 700 |
_aMahmoud Khalid Almsafir, _eauthor _94910 |
||
| 856 | _zRequest full-text at [email protected] | ||
| 942 | _2lcc | ||
| 942 | _cAR | ||
| 942 | _kJART 000094 | ||
| 999 |
_c2053 _d2053 |
||